000 00786nab a2200241 u 4500
001 13547
003 HDC
007 cr bn ---aaaaa
008 210212b2017mmddmy d||no |||| 00| 0 eng d
040 _aHDC
245 0 _aEmbassy - Brazil meat in Malaysia free from rotten meat scandal
_c/ Bernama
260 _aMalaysia:
_bBERNAMA,
_c2017
300 _a1 online resource
336 _atext
_2rdacontent
337 _acomputer
_2rdamedia
338 _aonline resource
_2rdacarrier
650 _aMeat industry and trade
_9161
710 _aBernama
856 _zRequest full-text at [email protected]
942 _2lcc
942 _cNEWS
942 _kNWSO 003622
999 _c10863
_d10863